Statistics for NBA Hottest NBA Players

Click here to take the quiz!

General Stats

  • This quiz has been taken 48 times
  • The average score is 8 of 15

Answer Stats

TeamAnswer% Correct
CelticsTatum
95%
GrizzliesMorant
75%
SunsBooker
73%
BullsLaVine
65%
BucksGiannis
58%
HornetsOubre
58%
RocketsGreen
53%
KnicksBarrett
43%
HeatLowry
43%
RaptorsBarnes
40%
ThunderGiddey
38%
76ersHarris
38%
CavsLove
35%
NetsGriffin
28%
Timber WolvesRussell
28%

Score Distribution

Percentile by Number Answered

Percent of People with Each Score

Your Score History

You have not taken this quiz